Регионална библиотека "Любен Каравелов" - Русе

Романите на Димитър Димов (Запис номер 45028)

MARC детайли
000 -Лидер
Контролно поле с фиксирана дължина 01692nam a2200385 c 4500
003 - Код на организацията, давaща контролен номер
Контролно поле BLK
005 - Дата и час на последна редакция
Контролно поле 20230406030518.0
008 - Елементи от данни с фиксирана дължина
fixed length control field 180408b bul|||||r ||||||| ||bul||
010 ## - Наследен системен номер
LC control number KNG00048808000
020 ## - Международен стандартен номер на книга ISBN
Международен стандартен номер на книга ISBN 954-775-401-7
-- издат.: Фабер
040 ## - Източник на каталожния запис
Идентификатор на билиотеката - собственик на записа BLK
041 ## - Код за език
Код за езика на текст/звукозапис или на отделно заглавие Български
Код за езика КДБФ Български
080 ## - УДК
Текстов определител УДК Българска литература
УДК код - определител по УДК 821.163.2
УДК определител (092)
УДК - код + определител 821.163.2(092)
080 ## - УДК
Текстов определител УДК Българска литература
УДК код - определител по УДК 821.163.2
УДК определител .09
УДК - код + определител 821.163.2.09
080 ## - УДК
Текстов определител УДК Български писател и драматург, ветеринарен лекар, професор по анатомия на гръбначните животни
УДК код - определител по УДК 929 Димов, Димитър Тодоров
УДК определител
УДК - код + определител 929 Димов, Димитър Тодоров
100 1# - Редна дума - Автор
Автор Ичевска, Татяна
Авторска отговорност първи автор
R(LIN) 279892
139 ## - Редно поле
Редна дума Ичевска, Татяна
Авторски знак Димо - Д 60
245 10 - Сведения за заглавието
Заглавие Романите на Димитър Димов
Редно поле (дума) Татяна Ичевска.
257 ## - Страна на издаване
Страна на създаване/издаване България
260 ## - Област на издателските данни
-- В. Търново
Име на издателя, разпространителя и проч. Фабер
Година на издаване 2005
300 ## - Физическа характеристика
Страници 252 с.
Размери/Мащаб 20 см
380 ## - Жанр
Жанр Литературознание
500 ## - Общи забележки
Забележка Съдържа и Нов роман за романиста / Сава Василев. - Библиогр. с. 234-244 и под линия
504 ## - Забележка за наличие на библиография и др
Забележка за наличие на библиография и под. 234-244
600 14 - Име на лице, използвано като предмет
За него / За нея Димов, Димитър Тодоров
9 (RLIN) 364841
650 #4 - Допълнително описание по предмет – тема
Основно описание – тема или топоним Българска литература - критика
9 (RLIN) 241969
653 ## - Ключова дума – ненормативна
Ключова дума българска литература
653 ## - Ключова дума – ненормативна
Ключова дума критика
653 ## - Ключова дума – ненормативна
Ключова дума Димитър Димов
852 ## - Местоположение
Форматна сигнатура Цб 222852
856 4# - Електронен адрес и достъп
Електронен формат pdf - файл
Път до файла /url/
856 4# - Електронен адрес и достъп
Електронен формат pdf - файл
Път до файла /url/
942 ## - АРТИКУЛИ
Вид на библиотечния материал Книги
Скрит в OPAC Не
944 ## - СЪЗДАВАНЕ И РЕДАКЦИЯ на ЗАПИСА
Създаване/Редакция Създаване
Дата на регистрацията/редакция 17.03.2005
Служител, извършил регистрацията/редакцията Цветанка_Енчева
944 ## - СЪЗДАВАНЕ И РЕДАКЦИЯ на ЗАПИСА
Създаване/Редакция Редакция
Дата на регистрацията/редакция 17.07.2006
Служител, извършил регистрацията/редакцията
999 ## - СИСТЕМНИ КОНТРОЛНИ НОМЕРА
Koha biblionumber 45028
Koha biblioitemnumber 45028
Наличности
Код за отписване Код за изгубен артикул Източник на класификационната схема Код за повреда Коз за рестрикции Код за отдаване Артикулен № Име на библиотеката - собственик Име на библиотеката, в която се намира в момента Статус (Текущо местоположение) Дата на вписване в системата Местоположение - отдел Цена в лева Инвентарен номер Систематично азбучна сигнатура Баркод Номер на екземпляра Цена в евро Служебна бележка Служебен тип на артикула
  Не е изгубен Universal Decimal Classification Не е повреден без рестрикции заемане за дома 70933 Регионална библиотека "Любен Каравелов" Русе Регионална библиотека "Любен Каравелов" Русе Заемна - подръчен фонд 2005-03-17 Заемна - подръчен фонд 8.00 120000692299 П 821.163.2.09(092)/Д 60 120000692299 1 4.09 Дост: Pk Вид: Ф N: 8900 Дата: 16.03.2005 Дата инв: 07.02.2018 Бележки инв: П2018 Книги
Vip Innovations Ltd, Rousse, Bulgaria 2025